แสดงรายละเอียดบรรณานุกรม
  กลับหน้าหลัก

Brief Record : Get Marc (ISO 2709) : E-mail record : QR code ปิดหน้าต่าง
ระบบทางเดินอาหารและการประยุกต์ Review โดย
ใช้งานได้ทุกระบบ
ห้องสมุด วพบ.ขอนแก่น
ใช้งานได้ทุกระบบ เมื่อ1/เมษายน/2559
สารบัญ
  • บทที่ 1 บทนำระบบทางเดินอาหาร
  • บทที่ 2 โครงสร้างในช่องปาก
  • บทที่ 3 มหกายวิภาคของทางเดินอาหารที่เป็นท่อ
  • บทที่ 4 จุลกายวิภาคของทางเดินอาหาร
  • บทที่ 5 กระบังลมและเยื่อบุช่องท้อง
  • บทที่ 6 ระบบประสาทอัตโนมัติในช่องท้อง
  • บทที่ 7 การพัฒนาการของระบบทางเดินอาหาร
  • บทที่ 8 การทำงานของกล้ามเนื้อทางเดินอาหาร
  • บทที่ 9 การหลั่งสารน้ำและเอนไซม์ในทางเดินอาหาร
  • บทที่ 10 การย่อยและการดูดซึม
  • บทที่ 11 ตับอ่อนและม้าม
  • บทที่ 12 ตับและถุงน้ำดี
  • บทที่ 13 หน้าที่ของตับ
  • บทที่ 14 โรคไวรัสตับอักเสบ
  • บทที่ 15 จุลชีพประจำถิ่นในทางเดินอาหาร
  • บทที่ 16 ท้องเสียและการติดเชื้อในทางเดินอาหาร
  • บทที่ 17 อาการและอาการแสดงของระบบทางเดินอาหาร

E-books : เกี่ยวกับ Collections
LEADER 00000nam 2200000uu 4500
001    210651
003     ULIBM
008    020711s2557 th a 000 0 tha d
020    978-974-03-3194-0
060    WI100 ส235ร 2557
100    สมนึก นิลบุหงา
245    ระบบทางเดินอาหารและการประยุกต์/^cสมนึก นิลบุหงา,อุดมศรี โชว์พิทธพรชัย
250    พิมพ์ครั้งที่ 1
260    กรุงเทพฯ :^bสำนักพิมพ์แห่งจุฬาลงกรณ์มหาวิทยาลัย,^c2557
300    361 [1] หน้า :^bภาพประกอบ ;^c26 ซม.
650    กระเพาะอาหารและลำไส้,ระบบ
650  0 กระเพาะอาหารและลำไส้,วิทยา
650  0 Gastrointestinal agents
710    อุดมศรี โชว์พิทธพรชัย
999    ^aใช้งานได้ทุกระบบ
รายการนี้ยังไม่มีแท็ก
คุณยังไม่ได้ล็อกอิน คุณสามารถมีกิจกรรมร่วมกับเว็บไซต์ได้ แต่ต้องล็อกอินก่อน ::
  ล็อกอิน
ลำดับที่ ประเภท เลขเรียก สถานที่ สถานะ
1. การพยาบาล (ตำราหลัก)
การพยาบาล (ตำราหลัก)
WI100 ส235ร 2557 ฉ.1 
  
การพยาบาลผู้ใหญ่ On Shelf
  ขอยืม
2. การพยาบาล (ตำราหลัก)
การพยาบาล (ตำราหลัก)
สถานะ=หนังสือเก่า - บริการ ณ ห้องสมุด (ห้องเหลือง)
WI100 ส235ร 2557 ฉ.2 
  
ห้องสมุด หอพักนักศึกษา (ห้องเหลือง) On Shelf
  ขอยืม
3. การพยาบาล (ตำราหลัก)
การพยาบาล (ตำราหลัก)
สถานะ=หนังสือเก่า - บริการ ณ ห้องสมุด (ห้องเหลือง)
WI100 ส235ร 2557 ฉ.3 
  
ห้องสมุด หอพักนักศึกษา (ห้องเหลือง) On Shelf
  ขอยืม
4. การพยาบาล (ตำราหลัก)
การพยาบาล (ตำราหลัก)
สถานะ=หนังสือเก่า - บริการ ณ ห้องสมุด (ห้องเหลือง)
WI100 ส235ร 2557 ฉ.4 
  
ห้องสมุด หอพักนักศึกษา (ห้องเหลือง) On Shelf
  ขอยืม
5. การพยาบาล (ตำราหลัก)
การพยาบาล (ตำราหลัก)
WI100 ส235ร 2557 ฉ.5 
  
การพยาบาลผู้ใหญ่ On Shelf
  ขอยืม
6. การพยาบาล (ตำราหลัก)
การพยาบาล (ตำราหลัก)
สถานะ=หนังสือเก่า - บริการ ณ ห้องสมุด (ห้องเหลือง)
WI100 ส235ร 2557 ฉ.6 
  
ห้องสมุด หอพักนักศึกษา (ห้องเหลือง) On Shelf
  ขอยืม
Note:จัดซื้อปีงบ 59
7. การพยาบาล (ตำราหลัก)
การพยาบาล (ตำราหลัก)
สถานะ=หนังสือเก่า - บริการ ณ ห้องสมุด (ห้องเหลือง)
WI100 ส235ร 2557 ฉ.7 
  
ห้องสมุด หอพักนักศึกษา (ห้องเหลือง) On Shelf
  ขอยืม
Note:จัดซื้อปีงบ 59
8. การพยาบาล (ตำราหลัก)
การพยาบาล (ตำราหลัก)
สถานะ=หนังสือเก่า - บริการ ณ ห้องสมุด (ห้องเหลือง)
WI100 ส235ร 2557 ฉ.8 
  
ห้องสมุด หอพักนักศึกษา (ห้องเหลือง) On Shelf
  ขอยืม
Note:จัดซื้อปีงบ 59
9. การพยาบาล (ตำราหลัก)
การพยาบาล (ตำราหลัก)
สถานะ=หนังสือเก่า - บริการ ณ ห้องสมุด (ห้องเหลือง)
WI100 ส235ร 2557 ฉ.9 
  
ห้องสมุด หอพักนักศึกษา (ห้องเหลือง) On Shelf
  ขอยืม
Note:จัดซื้อปีงบ 59
10. การพยาบาล (ตำราหลัก)
การพยาบาล (ตำราหลัก)
สถานะ=หนังสือเก่า - บริการ ณ ห้องสมุด (ห้องเหลือง)
WI100 ส235ร 2557 ฉ.10 
  
ห้องสมุด หอพักนักศึกษา (ห้องเหลือง) On Shelf
  ขอยืม
Note:จัดซื้อปีงบ 59
   [แสดง 10/10 รายการ]

รายการใกล้เคียง
    ผู้แต่ง [สมนึก นิลบุหงา]

    หัวเรื่อง [กระเพาะอาหารและลำไส้,ระบบ]

BibComment


ยังไม่เคยถูกคอมเมนท์

คอมเมนท์ทรัพยากรรายการนี้
  คอมเมนท์: ระบบทางเดินอาหารแ..
Bib 210651

 
 
 

 Union Library Management : ULibM
Copyright 2026. All Rights Reserved.
скачать бесплатно без регистрации порно красивый секс HD Sex Hindi sex

xxx gou

xxxx

bfxxx

xxxwww

Секса Видео

xxxx

Секса Видео

detube

geilexxx

C99 Shell

worms shell

blod xxx video
Ebony Coed Rihanna Rimes Takes A Dick In Her Young Twat priyaa indian fuck anal and pusssy hardcore indian women xxx desi hardcore fucking part 1 bengalixxxcouple